| 000 | 00753nam a22002292 4500 | ||
|---|---|---|---|
| 001 | 8196 | ||
| 003 | UkOxU | ||
| 005 | 20211208234536.0 | ||
| 008 | 180114s19301923enka 000 0 eng d | ||
| 035 | _aOCLC ocm28551653 from D971203M | ||
| 040 |
_aNDD _cNDD _dEQO _beng |
||
| 041 | _aeng | ||
| 082 |
_a530 _bHAN 1930 |
||
| 100 | 1 |
_aHaas, Arthur Erich, _d1884-1941. _925526 |
|
| 245 | 1 | 4 |
_aThe new physics : _blectures for laymen and others / _cby Arthur Haas ... authorized translation by Robert W. Lawson ... with seven diagrams. |
| 260 |
_aLondon : _bMethuen, _c1930. |
||
| 300 |
_axi. 165 p., 1 β. _bplates, diagrs. _c20 cm. |
||
| 500 | _aPrinted in Great Britain. | ||
| 650 | 0 |
_aPhysics. _925527 |
|
| 700 | 1 |
_aLawson, Robert W. _925528 |
|
| 942 |
_2ddc _cBK |
||
| 999 |
_c8196 _d8196 |
||